Investigating light and shadow with young children (ages 3-8) /

Bibliographic Details
Other Authors: Van Meeteren, Beth Dykstra (Editor)
Format: Book
Language:English
Published: New York : Teachers College Press, [2022].
Series:STEM for our youngest learners series.
Subjects:

MARC

Tag First Indicator Second Indicator Subfields
LEADER 00000cam a2200000 i 4500
001 in00004589575
003 OCoLC
005 20220819194605.0
008 211014t20222022nyu 000 0 eng d
035 |a (OCoLC)1275428200 
040 |a YDX  |e rda  |c YDX  |d COO  |d BDX 
020 |a 0807766933  |q (hardcover) 
020 |a 9780807766934  |q (hardcover) 
020 |a 0807766925  |q (paperback) 
020 |a 9780807766927  |q (paperback) 
050 4 |a QC363  |b .I58 2022 
082 0 |a 372.35/044  |2 23 
245 0 0 |a Investigating light and shadow with young children (ages 3-8) /  |c edited by Beth Dykstra van Meeteren with Allison Barness [and seven others]. 
264 1 |a New York :  |b Teachers College Press,  |c [2022]. 
264 4 |c Â©2022. 
300 |a xi, 147 pages ;  |c 28 cm. 
336 |a text  |b txt  |2 rdacontent 
337 |a unmediated  |b n  |2 rdamedia 
338 |a volume  |b nc  |2 rdacarrier 
490 1 |a STEM for our youngest learners series 
504 |a Includes bibliographical references (pages 135-140) and index. 
650 0 |a Shades and shadows  |x Study and teaching (Elementary) 
650 0 |a Shades and shadows  |x Study and teaching (Preschool) 
700 1 |a Van Meeteren, Beth Dykstra,  |e editor. 
830 0 |a STEM for our youngest learners series. 
945 |b 384315 
947 |a A14851589797 
948 |a dmitchel 8/19/22 2.44.16 
980 |b print  |c 40031219751  |f NONFIC/B  |g 565714  |k USD  |m 85.05  |q 1  |s AcqMono Conventional  |t Approval plan  |u Vendor order reference number  |v ZYBP  |y Print approval  |z Physical resource 
999 f f |i fd650f95-d90e-4edc-8f4e-9f7ad4ae3b1f  |s f1363e01-317b-43d9-be27-bd69a4b94f33  |t 0 
952 f f |p normal  |a Texas A&M University  |b College Station  |c Sterling C. Evans Library  |s Evans stk  |d Evans: Library Stacks  |t 0  |e QC363 .I58 2022  |h Library of Congress classification  |i unmediated -- volume  |m A14851589797